• Sacra Scrittura. Studi sul Nuovo Testamento

di Genre/Form Term

Records bibliografici associati: 1

001 - CONTROL NUMBER

  • control field: 57738

003 - CONTROL NUMBER IDENTIFIER

  • control field:

005 - DATE AND TIME OF LATEST TRANSACTION

  • control field: 20190403094800.0

008 - FIXED-LENGTH DATA ELEMENTS

  • fixed length control field: 190403|| aca||aabn | a|a d

040 ## - CATALOGING SOURCE

  • Original cataloging agency:
  • Transcribing agency:

155 ## - HEADING--GENRE/FORM TERM

  • Genre/form term: Sacra Scrittura. Studi sul Nuovo Testamento
  • General subdivision: Paolo: studi e teologia.
  • Form subdivision: Lettera agli Efesini

670 ## - SOURCE DATA FOUND

  • Source citation: Work cat.: ()0: Neri, Umberto 1930-1997 autore 57736, Il mistero di Cristo e l'unità della Chiesa suo corpo., 2006.
CREDITS: SOCIETA' SAN PAOLO Via A.Severo, 58 - ROMA (RM) & PERIODICI SAN PAOLO SRL Via Giotto, 36 MILANO & CISF Via Giotto, 36 MILANO & EDIZIONI SAN PAOLO SRL,  Piazza Soncino, 5 CINISELLO BALSAMO (MI) -- ITALY